Timeline of Classical Antiquity (776BC - 476AD) - Statistics

General Stats
  • This quiz has been taken 245 times
  • The average score is 24 of 37
Answer Stats
Year Question Answer % Correct
776 BC First recorded _______ Games Olympic
97%
753 BC Founding of ____ Rome
97%
146 BC Third _____ War between Rome and Carthage Punic
88%
331 BC _________ the Great completes his conquest of Persia Alexander
87%
49 BC Roman Civil War between Caesar and ______ the Great Pompey
86%
30 BC _________ ends her reign as last active ruler of Ptolemaic Kingdom Cleopatra
85%
79 Destruction of _______ by the volcano Vesuvius Pompeii
85%
14 Death of Emperor ________, ascension of Tiberius to the throne Augustus
84%
44 BC Caesar murdered by ______ and others, end of Roman Republic Brutus
83%
330 ______________ becomes capital of Roman Empire Constantinople
82%
27 BC Formation of Roman ______ Empire
81%
653 BC Rise of _______ Empire Persian
81%
312 Constantine converts Roman Empire to ____________ Christianity
80%
54 The above's grand nephew ____ becomes Emperor Nero
79%
551 BC _________ is born in China Confucius
71%
221 BC Construction of the _____ ____ begins by the Qin Dynasty Great Wall
67%
206 BC ___ Dynasty established in China Han
65%
470 BC Birth of ________ in Greece Socrates
65%
539 BC Fall of the __________ Empire and liberation of the Jews Babylonian
64%
432 BC Construction of the _________ is completed in Athens Parthenon
64%
427 BC Birth of _____ Plato
64%
508 BC _________ instituted at Athens Democracy
62%
200 BC _____ is invented in China Paper
61%
384 BC Birth of _________ Aristotle
59%
563 BC Birth of __________ _______ (Buddha) Siddhartha Gautama
59%
612 BC Fall of the ________ Empire Assyrian
57%
220 Three ________ period begins in China after fall of Han Dynasty Kingdoms
56%
660 BC Accession of Jimmu, the first mythical Emperor of _____ Japan
53%
490 BC Battle of ________, Greek city-states defeat Persian invasion Marathon
53%
43 Rome enters _______ for the first time Britain
52%
406 Romans are expelled from _______ Britain
52%
54 Emperor ________ dies Claudius
51%
70 Destruction of _________ by the armies of Titus Jerusalem
43%
449 BC The _____-_______ Wars end Greco-Persian
27%
280 Emperor __ established Jin Dynasty Wu
23%
728 BC Rise of the ______ Empire Median
20%
500 BC Panini standardises the grammar and morphology of ________ Sanskrit
13%
No matching quizzes found
Score Distribution
Percent of People with Each Score
Percentile by Number Answered
Your Score History
You have not taken this quiz